000 01032nmc a2200385 a 4500
003 AR-BaBNM
005 20251128211615.0
008 035020s2002 ||||||||||||||000 | spa||
020 _a84-7432-780-6
040 _cAR-BaBNM
100 1 _aJoyce, Bruce R.
245 1 0 _aModelos de enseñanza
260 _aBarcelona
_bGedisa
_c2002
300 0 _a605 p.
490 0 _aBiblioteca de educación. Didáctica general
_vv. 11
504 _aContiene bibliografía en p. 555-592
600 1 4 _aRogers, Carl
600 1 4 _aMaslow, Abraham
600 1 4 _aGagné, Robert Mills
600 1 4 _aAusubel, David P.
650 4 _aDIDACTICA
650 4 _aTEORIAS DEL APRENDIZAJE
650 4 _aCURRICULO
650 4 _aPROCESO COGNOSCITIVO
650 4 _aCONDUCTISMO
650 4 _aHUMANISMO
653 0 _aMODELOS EDUCATIVOS
653 0 _aEQUIDAD
653 0 _aNEUROCIENCIA
700 1 _aWeil, Marsha
700 1 _aCalhoun, Emily
_ecolaborador
800 1 _aCamilloni, Alicia R.W. de
942 _cBK
998 _cme-solo cat
999 _c20401
_d20401